| 000 | 00761nam a22001577a 4500 | ||
|---|---|---|---|
| 003 | OSt | ||
| 005 | 20150915153149.0 | ||
| 008 | 150915b xxu||||| |||| 00| 0 eng d | ||
| 040 | _cRUA | ||
| 082 | _aAGR LIM 2002 B028 Or.1 | ||
| 100 |
_9531 _aLIM, EANG. |
||
| 245 | _aEffect of leaf color chart (LCC) on nitrogen management for rainfed rice ប្រសិទ្ធិភាពនៃការប្រើប្រាស់ផ្ទាំងគំរូព៌ណស្លឹកទៅលើ់ការគ្រប់គ្រងអាសូតសំរាប់ដំណាំស្រូវនៃតំបន់ទំនាប់អាស្រ័យទឹកភ្លៀង | ||
| 260 |
_aPhnom Penh _bRUA _c2002 |
||
| 300 |
_a49p. _bill. _c29cm. |
||
| 942 |
_2ddc _cAGR |
||
| 999 |
_c509 _d509 |
||